India, China and Pakistan.

Bibliographic Details
Main Author: Sherwani, Latif Ahmed
Format: Book
Language:English
Published: Karachi : Council for Pakistan Studies, [1967]
Subjects:

MARC

Tag First Indicator Second Indicator Subfields
LEADER 00000cam a22000001 4500
001 in00000063519
005 20151007083132.0
008 710901s1967 pk b 00000 eng
010 |a sa 68000657  
025 |a PL480:P-E-1172 
035 |a (OCoLC)00473339 
035 |9 AAF8914AM 
037 |c Rs9  |c $2.75 
040 |a DLC  |c DLC  |d TXA  |d UtOrBLW 
043 |a a-ii--- 
049 |a TXAM  |c [476949] 
050 0 0 |a DS448  |b .S487 
082 0 |a 327.54 
092 |a 327.54  |b S554i 
100 1 |a Sherwani, Latif Ahmed. 
245 1 0 |a India, China and Pakistan. 
264 1 |a Karachi :  |b Council for Pakistan Studies,  |c [1967] 
300 |a 140 pages ;  |c 23 cm. 
336 |a text  |b txt  |2 rdacontent 
337 |a unmediated  |b n  |2 rdamedia 
338 |a volume  |b nc  |2 rdacarrier 
504 |a Bibliography: pages 131-134. 
651 0 |a India  |x Foreign relations. 
999 |a MARS 
999 f f |s 42d1f1b4-ec2a-3e74-bee2-b9ea3d62694d  |i ed28b3cb-4ef7-3c75-a741-b8ef8e835cef  |t 0 
952 f f |p ric  |a Texas A&M University  |b Rellis Campus  |c Joint Library Facility  |d Remote Storage  |t 0  |e DS448 .S487  |h Library of Congress classification  |i unmediated -- volume  |m A14800676612 
998 f f |a DS448 .S487  |t 0  |l Remote Storage